| 000 | 00435 a2200157 4500 | ||
|---|---|---|---|
| 001 | 67366 | ||
| 020 | _a9788538805069 | ||
| 040 | _cAnchieta - Pituba | ||
| 100 | _aMoraes, Marcia de Souza | ||
| 240 | 1 | 0 |
_aAssistência de enfermagem em infectologia _lpor |
| 245 | 1 | 0 | _aAssistência de enfermagem em infectologia |
| 300 | _a438 | ||
| 362 | 0 | _a2014 | |
| 650 | 4 | _a. Estudo, pesquisa, enfermagem e tópicos relacionados | |
| 942 | _cBK | ||
| 999 |
_c67366 _d67366 |
||